[Event "TCh-CHN Division A 2014"]
[Site "Shaoguan CHN"]
[Date "2014.07.26"]
[Round "10.5"]
[White "Lv, Jingen"]
[Black "Zhai, Mo"]
[Result "0-1"]
[BlackTitle "WIM"]
[WhiteElo "1823"]
[BlackElo "2325"]
[WhiteTeam "Qingdao Qingwei"]
[BlackTeam "Hebei"]
[WhiteFideId "8610509"]
[BlackFideId "8600201"]
[EventDate "2014.04.12"]

1. e4 c5 2. Nf3 d6 3. d4 cxd4 4. Nxd4 Nf6 5. Nc3 a6 6. Bg5 e6 7. f4 h6 8. Bh4
Qb6 9. Rb1 Nc6 10. Bf2 Qc7 11. Be2 Be7 12. O-O O-O 13. Bf3 Bd7 14. Kh1 Rac8 15.
a3 b5 16. Qe1 Rfe8 17. Be3 Nxd4 18. Bxd4 e5 19. Be3 d5 20. fxe5 Qxe5 21. exd5
Bxa3 22. Bd2 Bd6 23. Qxe5 Bxe5 24. Rfc1 Bf5 25. g3 b4 26. Nd1 b3 27. Nc3 Bxc2
28. Ra1 Bxc3 29. Rxc2 bxc2 30. Bxc3 Rxc3 31. bxc3 Rb8 0-1

[Event "TCh-CHN Division A 2014"]
[Site "Shaoguan CHN"]
[Date "2014.07.26"]
[Round "10.5"]
[White "Yang, Yingxia"]
[Black "Wang, Doudou"]
[Result "0-1"]
[BlackTitle "WIM"]
[WhiteElo "1827"]
[BlackElo "2215"]
[WhiteTeam "Qingdao Qingwei"]
[BlackTeam "Hebei"]
[WhiteFideId "8609837"]
[BlackFideId "8603197"]
[EventDate "2014.04.12"]

1. d4 d6 2. c4 e5 3. d5 f5 4. Nc3 Nf6 5. g3 g6 6. Bg2 Bg7 7. e4 O-O 8. Nge2 a5
9. O-O Na6 10. Bg5 Nc5 11. f3 h6 12. Bxf6 Qxf6 13. Nc1 h5 14. Nd3 b6 15. Nxc5
bxc5 16. h3 Bh6 17. Qe1 Rf7 18. Rb1 Qg7 19. Qe2 Bg5 20. Nd1 Bd7 21. Nf2 Qh6 22.
Nd3 Be3+ 23. Kh1 Bd4 24. Kh2 Raf8 25. b3 g5 26. Qd2 f4 27. Qxa5 fxg3+ 28. Kxg3
g4 29. Qe1 gxf3 30. Bh1 Be3 31. Kh2 Bf4+ 32. Nxf4 exf4 33. Bxf3 Kh7 34. Qh4 Rg7
35. Rg1 Rg3 36. Qe7+ Kh8 37. Qxd7 Rg5 0-1

[Event "TCh-CHN Division A 2014"]
[Site "Shaoguan CHN"]
[Date "2014.07.26"]
[Round "10.6"]
[White "Wang, Chen"]
[Black "Zhou, Jianchao"]
[Result "0-1"]
[WhiteTitle "IM"]
[BlackTitle "GM"]
[WhiteElo "2508"]
[BlackElo "2590"]
[WhiteTeam "Chongqing"]
[BlackTeam "Shanghai"]
[WhiteFideId "8601020"]
[BlackFideId "8603537"]
[EventDate "2014.04.12"]

1. e4 c5 2. Nc3 a6 3. g3 b5 4. Bg2 Bb7 5. Nge2 e5 6. O-O Nf6 7. f4 d6 8. a4 b4
9. Nd5 Nxd5 10. exd5 Nd7 11. c4 bxc3 12. bxc3 c4 13. Rb1 Qc7 14. Ba3 Rb8 15. Re1
Be7 16. fxe5 dxe5 17. Bxe7 Kxe7 18. Nd4 Qc5 19. Qg4 Bxd5 20. Bxd5 Rxb1 21. Rxb1
exd4 22. Re1+ Kd6 23. Bxf7 dxc3+ 24. Kg2 cxd2 25. Re6+ Kc7 26. Qf4+ Kc8 27. Qxd2
c3 28. Qe3 c2 29. Qc1 Ne5 30. Rxe5 Qxe5 31. Qxc2+ Kb8 32. Qb1+ Ka7 33. Qg1+ Kb7
34. Qb1+ Kc7 35. Qc2+ Kb6 36. Qf2+ Ka5 37. Qd2+ Kb6 38. Bd5 Kc5 39. Bf3 Kb6 0-1

[Event "TCh-CHN Division A 2014"]
[Site "Shaoguan CHN"]
[Date "2014.07.26"]
[Round "10.6"]
[White "Zvjaginsev, Vadim"]
[Black "Ni, Hua"]
[Result "1/2-1/2"]
[WhiteTitle "GM"]
[BlackTitle "GM"]
[WhiteElo "2655"]
[BlackElo "2677"]
[WhiteTeam "Chongqing"]
[BlackTeam "Shanghai"]
[WhiteFideId "4113403"]
[BlackFideId "8601160"]
[EventDate "2014.04.12"]

1. e4 e5 2. Nf3 Nc6 3. Bb5 Nf6 4. d3 d6 5. O-O Be7 6. d4 exd4 7. Nxd4 Bd7 8. Nc3
Nxd4 9. Qxd4 Bxb5 10. Nxb5 a6 11. Nc3 O-O 12. Bg5 h6 13. Bh4 Re8 14. Rfe1 c6 15.
Rad1 Qa5 16. h3 Rad8 17. a3 Qe5 18. Bg3 Qxd4 19. Rxd4 Bf8 20. Kf1 d5 21. exd5
Rxe1+ 22. Kxe1 Nxd5 23. Nxd5 Rxd5 24. Rxd5 cxd5 25. a4 f6 26. Ke2 Kf7 27. f3 Ke6
28. Bf2 h5 29. Kd3 Bd6 30. c4 dxc4+ 31. Kxc4 g6 32. b4 f5 33. b5 Be7 34. bxa6
bxa6 35. Bc5 Bh4 36. Be3 Kd6 37. Bf4+ Ke6 38. Kc3 1/2-1/2

[Event "TCh-CHN Division A 2014"]
[Site "Shaoguan CHN"]
[Date "2014.07.26"]
[Round "10.6"]
[White "Zhou, Weiqi"]
[Black "Lou, Yiping"]
[Result "1/2-1/2"]
[WhiteTitle "GM"]
[BlackTitle "IM"]
[WhiteElo "2614"]
[BlackElo "2461"]
[WhiteTeam "Chongqing"]
[BlackTeam "Shanghai"]
[WhiteFideId "8601674"]
[BlackFideId "8603928"]
[EventDate "2014.04.12"]

1. c4 c5 2. Nc3 Nc6 3. g3 g6 4. Bg2 Bg7 5. d3 e6 6. Bf4 d6 7. Nf3 h6 8. a3 Nge7
9. Qc1 Nd4 10. Rb1 g5 11. Bd2 Nb3 12. Qc2 Nxd2 13. Nxd2 a5 14. Nb5 O-O 15. h4 g4
16. b4 axb4 17. axb4 f5 18. e3 Nc6 19. bxc5 dxc5 20. Qb3 Na5 21. Qc2 Nc6 22. O-O
Nb4 23. Rxb4 cxb4 24. d4 e5 25. dxe5 Bxe5 26. Nb3 Qe7 27. Rb1 Kh8 28. N3d4 Ra5
29. Nb3 Ra6 30. N3d4 Ra5 31. Nb3 Ra6 32. N3d4 Ra5 1/2-1/2

[Event "TCh-CHN Division A 2014"]
[Site "Shaoguan CHN"]
[Date "2014.07.26"]
[Round "10.6"]
[White "Ju, Wenjun"]
[Black "Huang, Qian"]
[Result "1/2-1/2"]
[WhiteTitle "WGM"]
[BlackTitle "WGM"]
[WhiteElo "2582"]
[BlackElo "2464"]
[WhiteTeam "Shanghai"]
[BlackTeam "Chongqing"]
[WhiteFideId "8603006"]
[BlackFideId "8602689"]
[EventDate "2014.04.12"]

1. d4 d6 2. g3 c5 3. dxc5 Qa5+ 4. Nc3 Qxc5 5. Bg2 Nf6 6. e4 Nc6 7. h3 e6 8. Nge2
Be7 9. O-O O-O 10. Be3 Qa5 11. a3 Nd7 12. f4 Rb8 13. b4 Qd8 14. Nb5 Nb6 15. Nxa7
Nc4 16. Qd3 Nxe3 17. Qxe3 Nxa7 18. Qxa7 Bd7 19. Qe3 b5 20. e5 Qc7 21. c3 Rfd8
22. Nd4 Bf8 23. Rad1 Be8 24. h4 dxe5 25. fxe5 g6 26. Rfe1 h5 27. Kh2 Bg7 28. Rc1
Rbc8 29. Nb3 Bc6 30. Bxc6 Qxc6 31. Na5 Qd5 32. Rc2 Rd7 33. Ree2 Qd1 34. Rc1 Qd5
35. Rcc2 1/2-1/2

[Event "TCh-CHN Division A 2014"]
[Site "Shaoguan CHN"]
[Date "2014.07.26"]
[Round "10.6"]
[White "Zhang, Xiaowen"]
[Black "Tan, Zhongyi"]
[Result "1/2-1/2"]
[WhiteTitle "WGM"]
[BlackTitle "WGM"]
[WhiteElo "2355"]
[BlackElo "2465"]
[WhiteTeam "Shanghai"]
[BlackTeam "Chongqing"]
[WhiteFideId "8603219"]
[BlackFideId "8603642"]
[EventDate "2014.04.12"]

1. e4 c5 2. Nf3 Nc6 3. d4 cxd4 4. Nxd4 Qb6 5. Nb3 Nf6 6. Nc3 e6 7. Be3 Qc7 8. a3
a6 9. Bd3 b5 10. O-O Be7 11. Kh1 O-O 12. Qf3 b4 13. axb4 Nxb4 14. e5 d5 15. exd6
Bxd6 16. Nb5 axb5 17. Rxa8 Bb7 18. Ra7 Nc6 19. Raa1 Nb4 20. Ra7 Nc6 21. Raa1 Nb4
22. Ra7 1/2-1/2

[Event "TCh-CHN Division A 2014"]
[Site "Shaoguan CHN"]
[Date "2014.07.27"]
[Round "11.1"]
[White "Zhou, Jianchao"]
[Black "Yu, Yangyi"]
[Result "0-1"]
[WhiteTitle "GM"]
[BlackTitle "GM"]
[WhiteElo "2590"]
[BlackElo "2705"]
[WhiteTeam "Shanghai"]
[BlackTeam "Beijing"]
[WhiteFideId "8603537"]
[BlackFideId "8603820"]
[EventDate "2014.04.12"]

1. c4 e6 2. d4 Nf6 3. Nc3 Bb4 4. e3 O-O 5. Bd3 d5 6. Nf3 c5 7. O-O cxd4 8. exd4
dxc4 9. Bxc4 b6 10. Bg5 Bb7 11. Qe2 Bxc3 12. bxc3 Nbd7 13. Bh4 Qc8 14. Rfc1 Re8
15. Bb5 a6 16. Bd3 h6 17. a4 Qc6 18. c4 Rac8 19. Qd1 Qc7 20. Bg3 Qd8 21. Rab1
Be4 22. Bxe4 Nxe4 23. Bf4 Qf6 24. Be3 Qf5 25. h3 Rc7 26. Qd3 Nd6 27. Qxf5 Nxf5
28. g4 Ne7 29. Ne5 Rb8 30. Nxd7 Rxd7 31. Rb2 g5 32. Rcb1 Rdb7 33. f4 Rc8 34.
fxg5 Rxc4 35. gxh6 Nd5 36. Bf2 Rxa4 37. g5 b5 38. Kg2 Kh7 39. h4 Ra3 40. Bg3
Ne3+ 41. Kh2 Rd7 42. Be5 Nf5 43. h5 Nxd4 44. Bf6 Nf3+ 45. Kh1 Ra4 46. Rc1 Rg4
47. Rbc2 Nxg5 48. Rc8 Rh4+ 49. Kg2 Rd2+ 50. Kg3 Rh3+ 51. Kf4 Rf3+ 52. Kxg5 Rg2+
53. Kh4 Rxf6 54. Ra8 Rxh6 55. Rcc8 Rh2+ 56. Kg4 R2xh5 0-1

[Event "TCh-CHN Division A 2014"]
[Site "Shaoguan CHN"]
[Date "2014.07.27"]
[Round "11.1"]
[White "Ni, Hua"]
[Black "Wang, Hao"]
[Result "1/2-1/2"]
[WhiteTitle "GM"]
[BlackTitle "GM"]
[WhiteElo "2677"]
[BlackElo "2710"]
[WhiteTeam "Shanghai"]
[BlackTeam "Beijing"]
[WhiteFideId "8601160"]
[BlackFideId "8602883"]
[EventDate "2014.04.12"]

1. e4 c5 2. Nf3 Nc6 3. Bb5 e6 4. O-O Nge7 5. Re1 a6 6. Bf1 d5 7. exd5 Nxd5 8. d4
Nf6 9. Be3 Be7 10. h3 Nd5 11. Bc1 cxd4 12. Nxd4 Nxd4 13. Qxd4 O-O 14. c3 b6 15.
Nd2 Bb7 16. Nc4 Bc5 17. Qe5 Re8 18. Rd1 b5 19. Be3 Bxe3 20. Nxe3 Qb8 21. Qxb8
Rexb8 22. a4 b4 23. Nxd5 Bxd5 24. c4 Bc6 25. Rd6 Rc8 26. b3 Kf8 27. g3 Ke7 28.
Rxc6 Rxc6 29. Bg2 Rac8 30. Bxc6 Rxc6 31. Kf1 a5 32. f4 Rc5 33. Re1 f6 34. g4 f5
35. Kf2 fxg4 36. hxg4 h5 37. Kg3 hxg4 38. Kxg4 Kf6 39. Rh1 Rc8 40. Kf3 e5 41.
Rh5 Re8 42. Ke4 exf4+ 43. Kxf4 Re1 44. Rf5+ Kg6 45. Rxa5 Rf1+ 46. Ke4 Rb1 47. c5
Rxb3 48. c6 Rh3 49. Kd4 Rc3 50. Kd5 Kf6 51. Kd6 g5 52. c7 b3 53. Rb5 g4 54. Kd7
Rd3+ 55. Kc6 Rc3+ 56. Kd7 Rd3+ 57. Kc6 Rc3+ 58. Rc5 Rxc5+ 59. Kxc5 b2 60. c8=Q
b1=Q 61. Qxg4 Qc2+ 62. Kd6 Qd3+ 63. Kc7 Qc3+ 64. Kd7 Qd3+ 65. Kc8 Qa6+ 1/2-1/2

[Event "TCh-CHN Division A 2014"]
[Site "Shaoguan CHN"]
[Date "2014.07.27"]
[Round "11.1"]
[White "Lou, Yiping"]
[Black "Xiu, Deshun"]
[Result "1/2-1/2"]
[WhiteTitle "IM"]
[BlackTitle "GM"]
[WhiteElo "2461"]
[BlackElo "2553"]
[WhiteTeam "Shanghai"]
[BlackTeam "Beijing"]
[WhiteFideId "8603928"]
[BlackFideId "8603693"]
[EventDate "2014.04.12"]

1. d4 Nf6 2. c4 e6 3. Nc3 Bb4 4. Qc2 O-O 5. a3 Bxc3+ 6. Qxc3 d6 7. Bg5 Nbd7 8.
e3 b6 9. Ne2 Ba6 10. Qc2 Qc8 11. Rd1 c5 12. Nc3 cxd4 13. Rxd4 Qc5 14. Bxf6 Nxf6
15. Be2 e5 16. Rd2 Rac8 17. Qa4 Bxc4 18. Bxc4 Qxc4 19. Qxc4 Rxc4 20. Rxd6 Rfc8
21. Ke2 Kf8 22. Rhd1 Ke7 23. f3 R4c6 24. Rxc6 Rxc6 25. e4 a6 26. Rd2 h5 27. h4
Rc5 28. g3 b5 29. Rd3 Rc6 30. Rd1 Rc4 31. Rd2 1/2-1/2

[Event "TCh-CHN Division A 2014"]
[Site "Shaoguan CHN"]
[Date "2014.07.27"]
[Round "11.1"]
[White "Zhao, Xue"]
[Black "Zhang, Xiaowen"]
[Result "1-0"]
[WhiteTitle "GM"]
[BlackTitle "WGM"]
[WhiteElo "2514"]
[BlackElo "2355"]
[WhiteTeam "Beijing"]
[BlackTeam "Shanghai"]
[WhiteFideId "8601283"]
[BlackFideId "8603219"]
[EventDate "2014.04.12"]

1. d4 Nf6 2. c4 g6 3. Nf3 Bg7 4. g3 O-O 5. Bg2 d6 6. O-O c6 7. Nc3 Bf5 8. Nh4
Be6 9. b3 d5 10. Nf3 dxc4 11. Ng5 Qd7 12. Nxe6 Qxe6 13. Rb1 Nbd7 14. e4 Rad8 15.
Qc2 cxb3 16. Rxb3 Nb6 17. Rd1 Qc8 18. e5 Nfd5 19. Ne4 Nc7 20. f4 f5 21. exf6
Bxf6 22. Rbd3 Nb5 23. Qb3+ Kh8 24. Nxf6 exf6 25. d5 Qc7 26. Bb2 Nxd5 27. Rxd5
Qb6+ 28. Bd4 Nxd4 29. Qxb6 axb6 30. R5xd4 Rxd4 31. Rxd4 Rf7 32. a4 Kg7 33. Rb4
g5 34. Rxb6 gxf4 35. gxf4 Kg6 36. Bh3 Re7 37. Rb4 c5 38. Rc4 b6 39. Kf2 Re8 40.
Bf1 Rd8 41. Ke3 h6 42. Re4 Rd1 43. Bd3 Ra1 44. Re7+ Kh5 45. Rg7 Rxa4 46. Be2+
Kh4 47. Rh7 Ra3+ 48. Kf2 1-0

[Event "TCh-CHN Division A 2014"]
[Site "Shaoguan CHN"]
[Date "2014.07.27"]
[Round "11.1"]
[White "Wang, Jue"]
[Black "Ju, Wenjun"]
[Result "0-1"]
[WhiteTitle "WGM"]
[BlackTitle "WGM"]
[WhiteElo "2353"]
[BlackElo "2582"]
[WhiteTeam "Beijing"]
[BlackTeam "Shanghai"]
[WhiteFideId "8604070"]
[BlackFideId "8603006"]
[EventDate "2014.04.12"]

1. e4 c5 2. Nf3 e6 3. d4 cxd4 4. Nxd4 Nc6 5. Nc3 a6 6. Nxc6 bxc6 7. Bd3 d5 8.
O-O Nf6 9. Re1 Be7 10. e5 Nd7 11. Qg4 g6 12. Bh6 Rb8 13. Nd1 Bf8 14. Bxf8 Kxf8
15. c4 Kg7 16. b3 Qa5 17. Nb2 Rf8 18. h4 Qc3 19. Qe2 f6 20. cxd5 cxd5 21. exf6+
Qxf6 22. Rac1 e5 23. Rc7 Rf7 24. Nd1 e4 25. Bb1 Qxh4 26. Ne3 Bb7 27. Qd2 Kg8 28.
Rec1 d4 29. Nc4 e3 30. fxe3 Qg3 31. Rxb7 Rxb7 32. exd4 Rb5 33. d5 Nf6 34. Ne3
Rb4 35. Rc8+ Kg7 36. Qc3 Qf4 37. Nc4 Rb5 38. Ne3 Re7 39. Nf1 Rxd5 40. Bd3 Qd6
41. Bc4 Qb6+ 42. Kh1 Rh5+ 43. Nh2 Qf2 0-1

[Event "TCh-CHN Division A 2014"]
[Site "Shaoguan CHN"]
[Date "2014.07.27"]
[Round "11.2"]
[White "Yu, Chaojie"]
[Black "Wang, Chen"]
[Result "0-1"]
[BlackTitle "IM"]
[WhiteElo "2107"]
[BlackElo "2508"]
[WhiteTeam "Qingdao Qingwei"]
[BlackTeam "Chongqing"]
[WhiteFideId "8608555"]
[BlackFideId "8601020"]
[EventDate "2014.04.12"]

1. e4 c5 2. Nf3 e6 3. c3 d5 4. exd5 Qxd5 5. d4 Nf6 6. Na3 Be7 7. Nb5 Na6 8. Be3
Ng4 9. dxc5 Nxe3 10. fxe3 Qxc5 11. Qd4 O-O 12. O-O-O Bf6 13. Qxc5 Nxc5 14. Nd6
Rb8 15. e4 Be7 16. e5 Rd8 17. Nxc8 Rxd1+ 18. Kxd1 Rxc8 19. Kc2 g6 20. Be2 a6 21.
Rd1 Rc7 22. Rd4 Kf8 23. a3 Ke8 24. b4 Nd7 25. c4 b6 26. Kb3 Bf8 27. Re4 Nb8 28.
Nd4 Bg7 29. Re3 Rd7 30. Nf3 Ke7 31. Bd3 Bh6 32. Be2 Bg7 33. Re4 Rc7 34. Nd4 Ke8
35. Re3 Rd7 36. Nf3 Ke7 37. Bd3 Bh6 38. Be2 Bg7 39. Re4 Rc7 40. Re3 Rd7 41. Bd3
Bh6 42. Be2 Bg7 43. c5 bxc5 44. bxc5 Rd5 0-1

[Event "TCh-CHN Division A 2014"]
[Site "Shaoguan CHN"]
[Date "2014.07.27"]
[Round "11.2"]
[White "Zhou, Jiangnan"]
[Black "Zvjaginsev, Vadim"]
[Result "0-1"]
[BlackTitle "GM"]
[WhiteElo "2100"]
[BlackElo "2655"]
[WhiteTeam "Qingdao Qingwei"]
[BlackTeam "Chongqing"]
[WhiteFideId "8609918"]
[BlackFideId "4113403"]
[EventDate "2014.04.12"]

1. d4 Nf6 2. c4 c5 3. d5 g6 4. Nc3 Bg7 5. e4 d6 6. f3 O-O 7. Be3 e6 8. Nge2 exd5
9. cxd5 Nbd7 10. Nf4 Ne5 11. Qc2 Bd7 12. a4 a6 13. Be2 b5 14. O-O Rb8 15. axb5
axb5 16. b4 cxb4 17. Na2 Nc4 18. Qb3 Nxe3 19. Qxe3 Ra8 20. Bd1 g5 21. Ne2 Ra3
22. Bb3 Nxd5 23. exd5 Re8 24. Qd3 Qb6+ 25. Qe3 Qd8 26. Qd3 Qb6+ 27. Kh1 Qe3 28.
Rad1 Rxb3 29. Qxe3 Rbxe3 30. Nd4 b3 31. Nc1 Bxd4 32. Rxd4 Re1 33. Rd1 Rxd1 34.
Rxd1 Bf5 35. Nxb3 Bc2 0-1

[Event "TCh-CHN Division A 2014"]
[Site "Shaoguan CHN"]
[Date "2014.07.27"]
[Round "11.2"]
[White "Fang, Yuxiang"]
[Black "Zhou, Weiqi"]
[Result "0-1"]
[BlackTitle "GM"]
[WhiteElo "2324"]
[BlackElo "2614"]
[WhiteTeam "Qingdao Qingwei"]
[BlackTeam "Chongqing"]
[WhiteFideId "8605840"]
[BlackFideId "8601674"]
[EventDate "2014.04.12"]

1. d4 Nf6 2. Nf3 b5 3. c3 e6 4. Bf4 c5 5. e3 Qb6 6. Nbd2 Nh5 7. Be5 d5 8. dxc5
Bxc5 9. Nd4 Nf6 10. Nxb5 Na6 11. Bd3 Nd7 12. Bg3 h5 13. h3 e5 14. Qe2 Be7 15. b4
h4 16. Bh2 e4 17. Bc2 O-O 18. O-O Bb7 19. Nb3 Bf6 20. Na5 Ne5 21. Nxb7 Qxb7 22.
Rad1 Rfd8 23. a4 Rac8 24. Bb3 Nc7 25. Nxc7 Rxc7 26. Qa2 Rcd7 27. b5 Nd3 28. c4
d4 29. Rxd3 exd3 30. c5 Qe4 31. c6 dxe3 32. fxe3 Re7 33. Bf4 g5 34. c7 Rc8 35.
Bd6 Qxe3+ 36. Kh1 Rcxc7 37. Bxc7 Rxc7 38. Qb1 Be5 39. Qe1 Qe2 40. Bd1 Qxe1 41.
Bb3 Qe3 42. Bd1 Qe1 43. Rxe1 Bf4 44. Bf3 Bg3 45. Rd1 Re7 46. Kg1 d2 47. Rf1 Re1
48. Bh5 Kg7 49. Bd1 f6 50. a5 Bh2+ 51. Kf2 Bc7 52. b6 axb6 53. a6 b5 54. g4
hxg3+ 0-1

[Event "TCh-CHN Division A 2014"]
[Site "Shaoguan CHN"]
[Date "2014.07.27"]
[Round "11.2"]
[White "Huang, Qian"]
[Black "Yang, Yingxia"]
[Result "1-0"]
[WhiteTitle "WGM"]
[WhiteElo "2464"]
[BlackElo "1827"]
[WhiteTeam "Chongqing"]
[BlackTeam "Qingdao Qingwei"]
[WhiteFideId "8602689"]
[BlackFideId "8609837"]
[EventDate "2014.04.12"]

1. Nf3 Nf6 2. c4 e6 3. g3 d5 4. Bg2 c6 5. Qc2 Nbd7 6. O-O Bd6 7. d4 Ne4 8. Nbd2
f5 9. Ne1 O-O 10. Nd3 Nxd2 11. Bxd2 Nf6 12. Bf4 Bxf4 13. Nxf4 Qe8 14. b4 Nh5 15.
Nd3 Nf6 16. Rab1 Ne4 17. Bxe4 dxe4 18. Ne5 Rf6 19. f3 Qd8 20. Rfd1 exf3 21. exf3
Qc7 22. c5 Bd7 23. a4 a6 24. Nc4 Be8 25. Qe2 h5 26. Qe5 Qd8 27. Qf4 h4 28. Qxh4
Qd5 29. Ne5 Qa2 30. Ra1 Qb2 31. Qf4 Qxb4 32. Qd2 Qxd2 33. Rxd2 Bh5 34. Rb1 Ra7
35. Rdb2 Rf8 36. Rxb7 Rxb7 37. Rxb7 1-0

[Event "TCh-CHN Division A 2014"]
[Site "Shaoguan CHN"]
[Date "2014.07.27"]
[Round "11.2"]
[White "Tan, Zhongyi"]
[Black "Lv, Jingen"]
[Result "1-0"]
[WhiteTitle "WGM"]
[WhiteElo "2465"]
[BlackElo "1823"]
[WhiteTeam "Chongqing"]
[BlackTeam "Qingdao Qingwei"]
[WhiteFideId "8603642"]
[BlackFideId "8610509"]
[EventDate "2014.04.12"]

1. d4 Nf6 2. c4 e6 3. Nc3 Bb4 4. Nf3 b6 5. Bg5 O-O 6. e3 d5 7. Bd3 c5 8. O-O Bb7
9. Qe2 Nbd7 10. Rfd1 Qe7 11. Rac1 Rac8 12. Ne5 Rfd8 13. cxd5 Bxc3 14. bxc3 exd5
15. Nxd7 Rxd7 16. Bf5 Rdd8 17. Bxc8 Rxc8 18. dxc5 bxc5 19. Rb1 Rc7 20. Qf3 d4
21. Bxf6 gxf6 22. Qg4+ Kh8 23. cxd4 cxd4 24. Qxd4 1-0

[Event "TCh-CHN Division A 2014"]
[Site "Shaoguan CHN"]
[Date "2014.07.27"]
[Round "11.3"]
[White "Xu, Xiangyu CHN"]
[Black "Wang, Rui"]
[Result "1/2-1/2"]
[BlackTitle "GM"]
[WhiteElo "2277"]
[BlackElo "2394"]
[WhiteTeam "Chengdu"]
[BlackTeam "Hebei"]
[WhiteFideId "8608288"]
[BlackFideId "8601003"]
[EventDate "2014.04.12"]

1. f4 d5 2. Nf3 g6 3. g3 Bg7 4. Bg2 Nh6 5. O-O Nf5 6. e3 O-O 7. d3 Nc6 8. d4 Nd6
9. Nc3 e6 10. Re1 Ne7 11. Ne5 b6 12. e4 Bb7 13. exd5 Nxd5 14. Nxd5 Bxd5 15. Nc6
Qd7 16. Ne5 Qc8 17. Bxd5 exd5 18. Qf3 c6 19. b3 Re8 20. Bb2 f6 21. Nd3 Qd7 22.
Nf2 Re6 23. Rxe6 Qxe6 24. Bc3 f5 25. Re1 Qd7 26. Nd3 Ne4 27. Ne5 Qe6 28. Bb2 Nd6
29. Bc3 Qd7 30. Nd3 Ne4 31. Ne5 Qe6 32. Bb2 Bxe5 33. dxe5 c5 34. Rd1 Rd8 35. Qe2
Qc8 36. Qb5 h5 37. a4 Qb7 38. a5 g5 39. Qe2 h4 40. gxh4 gxf4 41. Qh5 Qg7+ 42.
Kf1 Qg4 43. Qxg4+ fxg4 44. Bc1 f3 45. c4 d4 46. Re1 Nc3 47. Bd2 Ne2 48. Kf2 Rf8
49. Bg5 Nf4 50. Re4 Nh3+ 51. Kf1 Nxg5 52. Rxg4 d3 53. Kf2 Rf4 54. Rxg5+ Kf7 55.
Rg1 Rxh4 56. Rd1 Rxh2+ 57. Kxf3 d2 58. axb6 axb6 59. Kg3 Re2 60. Kf3 Rxe5 61.
Rxd2 Ke6 62. Re2 1/2-1/2

[Event "TCh-CHN Division A 2014"]
[Site "Shaoguan CHN"]
[Date "2014.07.27"]
[Round "11.3"]
[White "Liu, Guanchu"]
[Black "Yang, Kaiqi"]
[Result "1/2-1/2"]
[WhiteTitle "IM"]
[BlackTitle "IM"]
[WhiteElo "2409"]
[BlackElo "2351"]
[WhiteTeam "Chengdu"]
[BlackTeam "Hebei"]
[WhiteFideId "8603901"]
[BlackFideId "8604398"]
[EventDate "2014.04.12"]

1. e4 c5 2. Nf3 Nc6 3. Nc3 d6 4. d4 cxd4 5. Nxd4 Nf6 6. Bg5 e6 7. Qd2 a6 8.
O-O-O Bd7 9. f3 Be7 10. Kb1 Qc7 11. h4 h6 12. Be3 h5 13. Nxc6 Bxc6 14. Qe1 b5
15. Bg5 Rc8 16. Bd3 Bb7 17. a3 g6 18. Qg3 Qc5 19. Rhe1 e5 20. Be3 Qc7 21. Qf2
Kf8 22. Bf1 Kg7 23. g3 Bc6 24. Bg5 Qb7 25. Nd5 Bxd5 26. Bxf6+ Bxf6 27. Rxd5 b4
28. axb4 Qxb4 29. Qd2 Qxd2 30. Rxd2 Rc6 31. Rd5 g5 32. hxg5 Bxg5 33. Red1 Rh6
34. f4 Be7 35. fxe5 dxe5 36. Rxe5 Rce6 37. Rdd5 Rxe5 38. Rxe5 Bd6 39. Rg5+ Kf6
40. Rf5+ Ke7 41. e5 Bc7 42. Bc4 f6 43. exf6+ Rxf6 44. Rxh5 Bxg3 45. Ra5 Bc7 46.
Rxa6 Rxa6 47. Bxa6 Kd6 48. Ka2 Kc5 49. c3 Kb6 50. Bd3 Be5 51. Kb3 Bf6 52. Kc4
Bg7 53. b4 Bf6 54. Bf5 Bg7 55. Bd3 Bf6 56. Bf5 Bg7 1/2-1/2

[Event "TCh-CHN Division A 2014"]
[Site "Shaoguan CHN"]
[Date "2014.07.27"]
[Round "11.3"]
[White "Li, Di"]
[Black "Wan, Yunguo"]
[Result "1-0"]
[WhiteTitle "FM"]
[BlackTitle "IM"]
[WhiteElo "2209"]
[BlackElo "2493"]
[WhiteTeam "Chengdu"]
[BlackTeam "Hebei"]
[WhiteFideId "8607508"]
[BlackFideId "8603189"]
[EventDate "2014.04.12"]

1. d4 Nf6 2. c4 g6 3. Nc3 d5 4. e3 Bg7 5. cxd5 Nxd5 6. Nxd5 Qxd5 7. Ne2 O-O 8.
Nc3 Qd8 9. Be2 c6 10. O-O e5 11. dxe5 Bxe5 12. Qc2 Nd7 13. f4 Bg7 14. e4 Qb6+
15. Kh1 Re8 16. Rf3 Nf6 17. h3 Be6 18. Be3 Qb4 19. Bd3 Bc4 20. Bxc4 Qxc4 21. b3
Qe6 22. e5 Nd5 23. Nxd5 cxd5 24. Bd4 Rec8 25. Qd3 Rc6 26. Rf2 a6 27. Rd1 Rd8 28.
Bb2 f6 29. f5 gxf5 30. exf6 Bxf6 31. Bxf6 Qxf6 32. Rxf5 Qe6 33. Rg5+ Kh8 34.
Qd4+ Qf6 35. Rxd5 Rg8 36. Qd2 Rc7 37. Rd7 Rxd7 38. Qxd7 b5 39. b4 Qb2 40. Qd5
Rf8 41. Kh2 Qxb4 42. Qe5+ Kg8 43. Rd4 1-0

[Event "TCh-CHN Division A 2014"]
[Site "Shaoguan CHN"]
[Date "2014.07.27"]
[Round "11.3"]
[White "Zhai, Mo"]
[Black "Ren, Xiaoyi"]
[Result "1-0"]
[WhiteTitle "WIM"]
[WhiteElo "2325"]
[BlackElo "2130"]
[WhiteTeam "Hebei"]
[BlackTeam "Chengdu"]
[WhiteFideId "8600201"]
[BlackFideId "8608709"]
[EventDate "2014.04.12"]

1. d4 Nf6 2. c4 g6 3. Nc3 d5 4. cxd5 Nxd5 5. e4 Nxc3 6. bxc3 Bg7 7. Nf3 c5 8.
Rb1 O-O 9. Be2 b6 10. O-O Bb7 11. Qd3 Qc7 12. Bg5 Rd8 13. Qe3 Nc6 14. d5 Ne5 15.
Nd2 c4 16. Bf4 Ba6 17. Qg3 b5 18. Kh1 f6 19. Nf3 Rf8 20. Nd4 Qa5 21. Ne6 Qxa2
22. Qe3 Qa3 23. Nxg7 Kxg7 24. Bh6+ Kg8 25. Bxf8 Kxf8 26. Ra1 Qd6 27. f4 Nd7 28.
e5 Qb6 29. Qh3 Ke8 30. Qxh7 Nf8 31. Qg7 Bb7 32. d6 exd6 33. exf6 Qe3 34. Qxb7 1-0

[Event "TCh-CHN Division A 2014"]
[Site "Shaoguan CHN"]
[Date "2014.07.27"]
[Round "11.3"]
[White "Wang, Doudou"]
[Black "Li, Yunshan"]
[Result "1/2-1/2"]
[WhiteTitle "WIM"]
[BlackTitle "WFM"]
[WhiteElo "2215"]
[BlackElo "1951"]
[WhiteTeam "Hebei"]
[BlackTeam "Chengdu"]
[WhiteFideId "8603197"]
[BlackFideId "8607664"]
[EventDate "2014.04.12"]

1. d4 Nf6 2. c4 g6 3. Nc3 d5 4. Nf3 Bg7 5. Bf4 O-O 6. e3 c5 7. dxc5 Qa5 8. Rc1
dxc4 9. Bxc4 Qxc5 10. Bb3 Nc6 11. O-O Qa5 12. Qe2 Bg4 13. h3 Bxf3 14. Qxf3 Rad8
15. Rfd1 h5 16. Qg3 Qf5 17. Qg5 Qxg5 18. Bxg5 Na5 19. Bd5 Nc6 20. Bf3 Rfe8 21.
Nd5 Rf8 22. Nc3 Na5 23. Bd5 Nc6 24. Bf3 Rfe8 25. Nd5 Nxd5 26. Bxd5 Kf8 27. e4
Bf6 28. Be3 e6 29. Bxc6 Rxd1+ 30. Rxd1 bxc6 31. b4 Ra8 32. Bc5+ Ke8 33. g4 hxg4
34. hxg4 Be7 35. Rc1 a5 36. a3 axb4 37. axb4 Rb8 38. Bxe7 Kxe7 39. Rc4 Kd6 40.
Kg2 Kc7 41. e5 Rb5 42. f4 Rb8 43. Kg3 Rb6 44. Rd4 Rb8 45. Kh4 Rd8 46. Rxd8 Kxd8
47. Kg5 Ke8 48. f5 exf5 1/2-1/2